000 00579cam a2200169 4500500
005 20260405002048.0
041 _afre
042 _adc
100 1 0 _aPortevin, Catherine
_eauthor
245 0 0 _aC’est chose tendre que la vie. Entretiens avec François L’Yvonnet
260 _c2015.
500 _a30
690 _aAndré Comte-Sponville
690 _aFrançois L’Yvonnet
786 0 _nPhilosophie magazine | 92 | 9 | 2015-09-01 | p. 69-69 | 1951-1787
856 4 1 _uhttps://shs.cairn.info/magazine-philosophie-magazine-2015-9-page-69?lang=fr&redirect-ssocas=7080
999 _c2053830
_d2053830